Szabadság, egyenlőség

Elmentve itt :
Bibliográfiai részletek
Szerző: Kis János
Adatforrás:Philobibl
Forrásdokumentuma:Századvég 7
1991/1., 68-75. p.
Dokumentumtípus: Cikk
Nyelv:magyar
LEADER 00265nab a2200097 c 4500
001 bibDOK00003470
005 20200924115940.4
008 060518s1991 hu hun
100 1 |a Kis János 
245 1 0 |a Szabadság, egyenlőség  |c Kis János 
773 0 |t Századvég 7  |g 1991/1., 68-75. p.